The Art and science of geography : (Record no. 4120)

000 -LEADER
fixed length control field nam a22 7a 4500
005 - DATE AND TIME OF LATEST TRANSACTION
control field 20170525112236.0
008 - FIXED-LENGTH DATA ELEMENTS--GENERAL INFORMATION
fixed length control field 170525b1992 cou||||| |||| 00| 0 eng d
020 ## - INTERNATIONAL STANDARD BOOK NUMBER
International Standard Book Number 0813385164 (alk. paper)
040 ## - CATALOGING SOURCE
Original cataloging agency AKMAL
082 ## - DEWEY DECIMAL CLASSIFICATION NUMBER
Classification number 910 ART
090 ## - LOCALLY ASSIGNED LC-TYPE CALL NUMBER (OCLC); LOCAL CALL NUMBER (RLIN)
Classification number (OCLC) (R) ; Classification number, CALL (RLIN) (NR) 910
Local cutter number (OCLC) ; Book number/undivided call number, CALL (RLIN) ART
245 04 - TITLE STATEMENT
Title The Art and science of geography :
Remainder of title U.S. and Soviet perspectives /
Statement of responsibility, etc. edited by Vladimir V. Annenkov and George J. Demko.
260 ## - PUBLICATION, DISTRIBUTION, ETC.
Place of publication, distribution, etc. Boulder :
Name of publisher, distributor, etc. Westview Press,
Date of publication, distribution, etc. 1992
300 ## - PHYSICAL DESCRIPTION
Extent xiii, 159 p. ;
Dimensions 24 cm
500 ## - GENERAL NOTE
General note Translated from the Russian.
500 ## - GENERAL NOTE
General note Includes index.
650 #0 - SUBJECT ADDED ENTRY--TOPICAL TERM
Topical term or geographic name entry element Geography
Geographic subdivision United States
9 (RLIN) 8070
650 #0 - SUBJECT ADDED ENTRY--TOPICAL TERM
Topical term or geographic name entry element Geography
Geographic subdivision Soviet Union
9 (RLIN) 8071
700 4# - ADDED ENTRY--PERSONAL NAME
Personal name Annenkov, V. V.
9 (RLIN) 8072
700 4# - ADDED ENTRY--PERSONAL NAME
Personal name Demko, George J.,
Dates associated with a name 1933-
9 (RLIN) 8073
942 ## - ADDED ENTRY ELEMENTS (KOHA)
Source of classification or shelving scheme
Koha item type Book
Holdings
Withdrawn status Lost status Source of classification or shelving scheme Damaged status Not for loan Collection code Home library Current library Shelving location Date acquired Inventory number Total Checkouts Full call number Barcode Date last seen Price effective from Koha item type
          NON-FICTION AKMAL Melaka AKMAL Melaka PINJAMAN 25.05.2017 900361   910 ART 201705233 25.05.2017 25.05.2017 Book
Pusat Sumber Maklumat Dato' Haji Sarmin Md Hussin, Akademi Kastam Diraja Malaysia, Melaka
Tel: 06-2331106 | Faks: 06-2313787